000 00782nam a2200277Ia 4500
003 OSt
005 20221006160127.0
006 a|||||r|||| 00| 0
007 ta
008 221006b |||||||| |||| 00| 0 kor d
020 _a9788955184891
_cW8,000
024 _a44,378
037 _bGift, KCC (Window on Korea)
_cTextual
040 _aEASL
_cEASL
_bkor
041 _2kor
_akor
082 _aP495,4:4k, Q2
100 _aLee Jae-wook
_9672012
245 0 _aKorean essential vocabulary 6000
260 _aKorea
_bKorea language plus
_c2012
300 _a400p.
_ccm.
490 _v RR
650 _a KL
650 _aKorean dictionary
_9672013
942 _hP495,4:4k, Q2
_cTEXL
_2CC
999 _c1112470
_d1112470